| 000 -LEADER |
| fixed length control field |
01129pab a2200157 454500 |
| 008 - FIXED-LENGTH DATA ELEMENTS--GENERAL INFORMATION |
| fixed length control field |
180718b2002 xxu||||| |||| 00| 0 eng d |
| 100 ## - MAIN ENTRY--PERSONAL NAME |
| Personal name |
Bhatta, Gambhir |
| 245 ## - TITLE STATEMENT |
| Title |
Evidence-based analysis and the work of policy shops |
| 260 ## - PUBLICATION, DISTRIBUTION, ETC. |
| Date of publication, distribution, etc. |
2002 |
| 300 ## - PHYSICAL DESCRIPTION |
| Extent |
p.98-105. |
| 362 ## - DATES OF PUBLICATION AND/OR SEQUENTIAL DESIGNATION |
| Dates of publication and/or sequential designation |
Sep |
| 520 ## - SUMMARY, ETC. |
| Summary, etc. |
The New Public Management (NPM) reforms brought about in the 1990s have substantially altered the environment in which agencies mandated to provide policy advice to ministers do their work. Yet, cross-jurisdictional evidence tends to show that systems in place in these policy shops generally do not reflect the rigour that is needed to analyse and render quality policy advice. As one possible remedy, this paper suggests that use of rigorous evidence-based analysis (EBA) to inform the policy advice function be made an integral part of the policy shops' learning and information protocol. EBA is a useful tool in assisting the agencies to demonstrate their adherence to a quality assurance system. - Reproduced. |
| 650 ## - SUBJECT ADDED ENTRY--TOPICAL TERM |
| Topical term or geographic name entry element |
Public administration |
| 773 ## - HOST ITEM ENTRY |
| Main entry heading |
Australian Journal of Public Administration |
| 909 ## - |
| -- |
53919 |